[Event "Kaluga Tsiolkovsky Memorial op"]
[Site "Kaluga"]
[Date "2013.08.10"]
[Round "8"]
[White "Lysenko, Olga"]
[Black "Tsapulin, Anatoly"]
[Result "1/2-1/2"]
[WhiteElo "1858"]
[BlackElo "2205"]
[PlyCount "123"]
[EventDate "2013.08.03"]
[EventType "swiss"]
[EventRounds "9"]
[EventCountry "RUS"]
[SourceTitle "CBM 156 Extra"]
[Source "ChessBase"]
[SourceDate "2013.10.22"]
[SourceVersion "1"]
[SourceVersionDate "2013.10.22"]
[SourceQuality "1"]

1. c4 e6 2. Nc3 d5 3. d4 Nf6 4. cxd5 exd5 5. Bg5 Be7 6. e3 c6 7. Bd3 h6 8. Bh4 a5 9. Qc2 Na6 10. a3 0-0 11. Nf3 c5 12. Bxa6 Rxa6 13. dxc5 Bxc5 14. 0-0 Be7 15. Nd4 Be6 16. Rac1 Nd7 17. Bxe7 Qxe7 18. Ncb5 Rb6 19. Qc7 Re8 20. Rc3 Rf8 21. Rfc1 Bg4 22. Qf4 Be2 23. Nxe2 Rxb5 24. R1c2 Rc5 25. Qd4 b6 26. Rxc5 Nxc5 27. h3 Qd6 28. Nf4 Rd8 29. Ne2 Qg6 30. Qd1 Ne4 31. Nd4 Qf6 32. Qf3 Qxf3 33. Nxf3 Nc5 34. Kf1 Kf8 35. Ke2 Ke7 36. Nd4 Rd7 37. b4 axb4 38. axb4 Na6 39. b5 Nc5 40. Ra2 g6 41. Ra8 Kd6 42. Rc8 Rc7 43. Rd8+ Rd7 44. Rc8 Rc7 45. Rd8+ Nd7 46. f4 Kc5 47. g4 Nf6 48. Rh8 Ne4 49. Rxh6 Nc3+ 50. Kd3 Nxb5 51. Nxb5 Kxb5 52. f5 gxf5 53. gxf5 Kc5 54. Rh8 Kd6 55. Rb8 Ke5 56. Rxb6 Kxf5 57. Rb5 Ke6 58. Rb1 Rc4 59. Rb6+ Ke5 60. Rh6 Ra4 61. Rh5+ f5 62. Rh8 1/2-1/2

[Event "Kaluga Tsiolkovsky Memorial op"]
[Site "Kaluga"]
[Date "2013.08.04"]
[Round "2"]
[White "Lysenko, Olga"]
[Black "Fedosov, Yury"]
[Result "0-1"]
[WhiteElo "1858"]
[BlackElo "2022"]
[PlyCount "48"]
[EventDate "2013.08.03"]
[EventType "swiss"]
[EventRounds "9"]
[EventCountry "RUS"]
[SourceTitle "CBM 156 Extra"]
[Source "ChessBase"]
[SourceDate "2013.10.22"]
[SourceVersion "1"]
[SourceVersionDate "2013.10.22"]
[SourceQuality "1"]

1. d4 e6 2. c4 f5 3. Nf3 Nf6 4. g3 c6 5. Bg2 d5 6. 0-0 Bd6 7. Bf4 Bxf4 8. gxf4 0-0 9. e3 Qe7 10. Ne5 Bd7 11. Nd2 Be8 12. Bf3 Nbd7 13. Kh1 Ne4 14. Nxd7 Bxd7 15. Bxe4 fxe4 16. f3 c5 17. fxe4 cxd4 18. cxd5 exd5 19. Qb3 dxe3 20. Qxe3 dxe4 21. Rae1 Bc6 22. Kg1 Qe6 23. Nb3 Rad8 24. Nd4 Qg4+ 0-1

[Event "Kaluga Tsiolkovsky Memorial op"]
[Site "Kaluga"]
[Date "2012.08.08"]
[Round "9"]
[White "Fedosov, Yury"]
[Black "Lysenko, Olga"]
[Result "1-0"]
[WhiteElo "2033"]
[BlackElo "1832"]
[PlyCount "67"]
[EventDate "2012.07.30"]
[EventType "swiss"]
[EventRounds "9"]
[EventCountry "RUS"]
[SourceTitle "EXT 2014"]
[Source "ChessBase"]
[SourceDate "2013.11.20"]
[SourceVersion "1"]
[SourceVersionDate "2013.11.20"]
[SourceQuality "1"]

1. d4 Nf6 2. Nc3 d5 3. Bg5 Nbd7 4. Nf3 g6 5. e3 Bg7 6. Bd3 0-0 7. 0-0 c5 8. Re1 b6 9. Ne5 Bb7 10. f4 Ne8 11. Qg4 f5 12. Qh4 Ndf6 13. Nd1 Nd6 14. c3 Nf7 15. Nxf7 Rxf7 16. Nf2 Qf8 17. g4 h6 18. Bxf6 Rxf6 19. gxf5 gxf5 20. Kh1 Kf7 21. Qh5+ Ke6 22. Rg1 Qf7 23. Be2 Qxh5 24. Bxh5 Bh8 25. Nd3 Kd6 26. Ne5 Kc7 27. Rg3 Rd8 28. Rag1 Bc8 29. Nf7 Rf8 30. Rg8 Rxg8 31. Rxg8 Be6 32. Rxh8 Bxf7 33. Bxf7 Rxf7 34. Rxh6 1-0